000 00777cam a2200253 4500
001 J2228
008 090401t1994 xxu||||| |||| 00| 0 eng d
035 _a(Sirsi) u47855
041 _aeng
050 _a692.8
090 _aJCT 1994/5A
110 _aJoint Contracts Tribunal
_93664
245 _aStandard form of Building Contract 1980 edition ... Amendment 13 and guidance notes issued January 1994 ...
260 _aLondon
_bRIBA Publications Ltd
_c1994
300 _a16p. ; 30cm.
350 _a0.8
520 _aCopies of original contracts filed at JCT 1980/2-7.
650 _aAMENDMENT 13
650 _aJCT STANDARD FORM OF CONTRACT 1980
650 _aVARIATIONS
690 _aBUILT ENVIRONMENT-BUILDING CONTRACT FORMS
942 _n0
948 _c04/03/1997
999 _c92223
_d92223